000 00668cas a22002174i 4500
999 _c57483
_d57483
001 768714001
003 CO-MdFUSB
005 20180525112743.0
008 180525s1998 xxu||||| |||| 00| 0 eng d
022 _a1023-7380
040 _aCO-MdFUSB
_bspa
_cCO-MdFUSB
_dCO-MdFUSB
041 _aeng
100 1 _aRobinson, Rich
_eautor
242 0 0 _aLCJE cosecha en el ciberespacio
245 0 0 _aLCJE harvests in cyberspace
300 _aNúmero 82 (1998) páginas 14-15
_c: 30 cm
546 _aTexto en inglés
650 0 _91074
_aComunicación interpersonal
773 0 _tWorld Evangelization
_049484
_961034
_gNúmero 82 (1998) páginas 14-15
_qPágina 14
942 _cANA